| 000 | 00383nam a2200121Ia 4500 | ||
|---|---|---|---|
| 008 | 210430s9999 xx 000 0 und d | ||
| 082 | _a530 G6611 P | ||
| 100 |
_aJohn R. Gordon _954701 |
||
| 245 |
_aPhysics for Scientists and Engineers 7th ed (Student Soutions Manual and Study Guide)/ _cJohn R. Gordon |
||
| 260 |
_aCanida _bBrooks/ Cole _c2008 |
||
| 300 | _a390p | ||
| 942 |
_cBK _2ddc |
||
| 999 |
_c565378 _d565378 |
||